000 00363nam a2200145Ia 4500
008 210210b1991 xxu||||| |||| 00| 0 eng d
020 _a81 7018 668 4
082 _a371.102 BOUD
100 _aBOURAI (H H A).
245 _aDynamic teaching.
260 _aDelhi.
_bB R Publishing Corporation
_c1991
300 _axxiv,267
690 _aEducation
906 _a049520
999 _c98455
_d98455